[Event "Amager Aabne Klubmesterskab 2016"]
[Site "Sundbyoster"]
[Date "2016.01.19"]
[Round "1"]
[White "Brorsen, Jacob Abildlund"]
[Black "Nielsen, Jorgen Kamp"]
[Result "1-0"]
[WhiteElo "2034"]
[BlackElo "1696"]
[PlyCount "39"]
[EventDate "2016.??.??"]

1. d4 Nf6 2. Nc3 d5 3. Bg5 Nbd7 4. Nf3 h6 5. Bh4 g5 6. Bg3 Nh5 7. Nxd5 Nxg3 8.
hxg3 Bg7 9. e3 c6 10. Nc3 Nb6 11. Bd3 Be6 12. Qe2 Nd5 13. Nxd5 Qxd5 14. c4 Qa5+
15. Qd2 Qc7 16. a4 O-O 17. Nxg5 hxg5 18. Bh7+ Kh8 19. Qc2 Qd7 20. Bg8+ 1-0

[Event "Amager Aabne Klubmesterskab 2016"]
[Site "Sundbyoster"]
[Date "2016.01.19"]
[Round "1"]
[White "Skovgaard, Ib"]
[Black "Raad, Mads Bonde"]
[Result "0-1"]
[WhiteElo "2003"]
[BlackElo "1694"]
[PlyCount "82"]
[EventDate "2016.??.??"]

1. e4 Nc6 2. Nf3 e5 3. Nc3 Be7 4. Bc4 Nf6 5. O-O O-O 6. h3 d6 7. d3 Bd7 8. a4
a6 9. Be3 h6 10. Qd2 Qc8 11. Kh2 Be6 12. Bd5 Nb4 13. Bxe6 Qxe6 14. Rae1 Rad8
15. d4 d5 16. Nxe5 dxe4 17. f4 c5 18. Ne2 Nc6 19. f5 Qd6 20. Bf4 Nxe5 21. c3
Nh5 22. Qc2 Nxf4 23. dxe5 Qd3 24. Qxd3 Nxd3 25. f6 Bxf6 26. exf6 Nxe1 27. fxg7
Kxg7 28. Rxe1 Rd2 29. Nf4 Re8 30. h4 Rxb2 31. Re3 b5 32. axb5 axb5 33. Kh3 Rc2
34. Nd5 Rd2 35. Rg3+ Kf8 36. Nf6 Rd3 37. Nxe4 Rxg3+ 38. Nxg3 Re3 39. Kg4 Rxg3+
40. Kxg3 b4 41. cxb4 cxb4 0-1

[Event "Amager Aabne Klubmesterskab 2016"]
[Site "Sundbyoster"]
[Date "2016.01.19"]
[Round "1"]
[White "Petersen, Nils"]
[Black "Jensen, Simon Stibolt"]
[Result "1-0"]
[WhiteElo "1942"]
[BlackElo "1662"]
[PlyCount "85"]
[EventDate "2016.??.??"]

1. c4 e5 2. g3 c6 3. d4 e4 4. Nc3 Nf6 5. Bg2 d5 6. Bg5 Be7 7. e3 h6 8. Bxf6
Bxf6 9. cxd5 cxd5 10. Qb3 Qa5 11. Qxd5 Qb4 12. Qxe4+ Be7 13. Qc2 O-O 14. Nge2
Bg4 15. O-O Be6 16. Nd5 Bxd5 17. Bxd5 Nd7 18. Qb3 Qd6 19. Rac1 Nf6 20. Bg2 Rab8
21. Nc3 b6 22. Nd5 Rbc8 23. Nxe7+ Qxe7 24. Bh3 Rc7 25. Rxc7 Qxc7 26. Qc3 Qd6
27. Rc1 Ne4 28. Qc6 Qe7 29. Bg2 Ng5 30. h4 Ne6 31. d5 Nd8 32. Qc7 Qb4 33. b3
Qa3 34. Rc2 Qb4 35. Qc3 Qd6 36. b4 f6 37. a3 Rf7 38. e4 g5 39. hxg5 hxg5 40.
Bh3 Rh7 41. Bf5 Rh8 42. Qc8 Qf8 43. Qd7 1-0

[Event "Amager Aabne Klubmesterskab 2016"]
[Site "Sundbyoster"]
[Date "2016.01.19"]
[Round "1"]
[White "Nielsen, John Holm"]
[Black "Lontoft, Sven"]
[Result "1-0"]
[WhiteElo "1937"]
[BlackElo "1659"]
[PlyCount "51"]
[EventDate "2016.??.??"]

1. Nc3 e5 2. Nf3 Nc6 3. d4 exd4 4. Nxd4 Nxd4 5. Qxd4 Nf6 6. Bg5 Be7 7. O-O-O d6
8. e4 h6 9. Bh4 Be6 10. f4 Bg4 11. Re1 c5 12. Qd2 Nd7 13. Bxe7 Qxe7 14. h3 Bh5
15. g4 Bg6 16. Nd5 Qd8 17. Bb5 a6 18. Bxd7+ Kxd7 19. f5 Bh7 20. e5 Kc6 21. Qg2
dxe5 22. Rxe5 Kd6 23. Rhe1 Qa5 24. Nc3 Kc7 25. Re7+ Kd6 26. Qd5# 1-0

[Event "Amager Aabne Klubmesterskab 2016"]
[Site "Sundbyoster"]
[Date "2016.01.19"]
[Round "1"]
[White "Frank Nielsen, Marie"]
[Black "Petersen, Christian Skibsted"]
[Result "1-0"]
[WhiteElo "1921"]
[BlackElo "1652"]
[PlyCount "79"]
[EventDate "2016.??.??"]

1. e4 e6 2. d4 d5 3. e5 c5 4. c3 Nc6 5. Nf3 Qb6 6. Bd3 Bd7 7. O-O cxd4 8. Re1
Nge7 9. h4 Nf5 10. Bxf5 exf5 11. cxd4 Rc8 12. Nc3 Be6 13. Na4 Qb5 14. a3 Na5
15. b4 Nc4 16. Nc5 Be7 17. Ng5 Bxg5 18. hxg5 b6 19. Nd3 g6 20. a4 Qd7 21. Rb1
Ke7 22. Qb3 Rb8 23. Re2 Rhc8 24. Ra2 f4 25. Nxf4 Bf5 26. Rba1 Be4 27. Qh3 Qxh3
28. Nxh3 a5 29. b5 Rc7 30. Nf4 Rd7 31. e6 fxe6 32. f3 Bf5 33. g4 Bxg4 34. fxg4
Nd6 35. Ba3 Rf8 36. Rf2 Ke8 37. Bxd6 Rxd6 38. Nd3 Rxf2 39. Kxf2 Rd7 40. Rc1 1-0

[Event "Amager Aabne Klubmesterskab 2016"]
[Site "Sundbyoster"]
[Date "2016.01.19"]
[Round "1"]
[White "Lunding, Peter M"]
[Black "Madsen, Michael Leerberg"]
[Result "1-0"]
[WhiteElo "1852"]
[BlackElo "1645"]
[PlyCount "73"]
[EventDate "2016.??.??"]

1. d4 Nf6 2. Nf3 c5 3. e3 g6 4. Bd3 Bg7 5. O-O cxd4 6. exd4 O-O 7. c3 d6 8.
Nbd2 b6 9. Re1 Bb7 10. Qe2 e6 11. Ne4 Nxe4 12. Bxe4 Bxe4 13. Qxe4 Nd7 14. Bg5
Qc7 15. Qh4 Rfe8 16. Bh6 Bh8 17. Rad1 Qc4 18. a3 Qb5 19. Bc1 Bf6 20. Qe4 e5 21.
dxe5 Nxe5 22. Nxe5 dxe5 23. Rd6 Bg7 24. Red1 Rac8 25. Rd7 a5 26. Qd5 Qxd5 27.
R1xd5 e4 28. Kf1 f5 29. g3 Kf8 30. Bf4 Re7 31. Bd6 Bf6 32. Rb7 Rc6 33. Bxe7+
Bxe7 34. Ke2 Re6 35. h4 Kf7 36. Rb5 Kf6 37. R7xb6 1-0

[Event "Amager Aabne Klubmesterskab 2016"]
[Site "Sundbyoster"]
[Date "2016.01.19"]
[Round "1"]
[White "Nielsen, Jens Holm"]
[Black "Nielsen, Angelo"]
[Result "0-1"]
[WhiteElo "1792"]
[BlackElo "1641"]
[PlyCount "210"]
[EventDate "2016.??.??"]

1. Nc3 g6 2. e3 Bg7 3. f4 d6 4. Nf3 c6 5. Be2 Nf6 6. O-O Nbd7 7. Qe1 Nc5 8. d3
b5 9. a3 Qb6 10. Bd2 a5 11. h3 Bb7 12. Qf2 O-O 13. g4 b4 14. axb4 axb4 15. Rxa8
Rxa8 16. Nd1 Ncd7 17. f5 Rf8 18. g5 Nd5 19. e4 Qxf2+ 20. Rxf2 Nc7 21. Bxb4 Nb5
22. Rf1 c5 23. Bc3 Nxc3 24. bxc3 Nb6 25. fxg6 fxg6 26. Ne1 Na4 27. Rxf8+ Kxf8
28. c4 Bc8 29. Kg2 h5 30. Nf3 Kf7 31. Bf1 Nc3 32. Nxc3 Bxc3 33. Kf2 e5 34. Ke2
Bd7 35. Kd1 Ba4 36. Bg2 Bd7 37. Ng1 Bd4 38. Nf3 Bc3 39. Kc1 Ke7 40. Nh4 Kf7 41.
Bf1 Be1 42. Nf3 Bc3 43. Kb1 Ba4 44. Kc1 Bd7 45. Kb1 Ba4 46. Bg2 Ke7 47. h4 Kd7
48. Kc1 Bb4 49. Kd1 Ke7 50. Ke2 Ke6 51. Ke3 Kd7 52. Kf2 Ke7 53. Kg3 Bd7 54. Bf1
Ba4 55. Be2 Bxc2 56. Kg2 Ba4 57. Nh2 Be1 58. Nf3 Bc3 59. Kf2 Bd7 60. Nh2 Ba4
61. Nf1 Bd7 62. Ng3 Ba4 63. Bxh5 gxh5 64. Nxh5 Kf7 65. Nf6 Bd2 66. Nd5 Bc1 67.
Nc3 Be8 68. Kf3 Bd7 69. Nb5 Ke7 70. Nc3 Bc6 71. Ne2 Bd2 72. Ng3 Be8 73. Nf5+
Ke6 74. Kg4 Ba5 75. h5 Bd8 76. h6 Bg6 77. Nh4 Kf7 78. Nf5 Be7 79. Ne3 Bf8 80.
Nd5 Be7 81. Nb6 Bf8 82. Nd7 Be7 83. Kh4 Bd8 84. Nb8 Be7 85. Nc6 Kf8 86. h7 Bxh7
87. Kh5 Bg8 88. Kh6 Be6 89. Nxe7 Kxe7 90. Kg7 Bg4 91. g6 Be6 92. Kh8 Kf6 93. g7
Kg5 94. g8=Q+ Bxg8 95. Kxg8 Kf4 96. Kf7 Ke3 97. Ke6 Kxd3 98. Kd5 Ke3 99. Kxd6
Kd4 100. Kc6 Kxc4 101. Kb6 Kd4 102. Kb5 Kxe4 103. Kxc5 Kf3 104. Kc4 e4 105. Kc3
e3 0-1

[Event "Amager Aabne Klubmesterskab 2016"]
[Site "Sundbyoster"]
[Date "2016.01.19"]
[Round "1"]
[White "Tolba, Henri"]
[Black "Pedersen, Kim Michael"]
[Result "1/2-1/2"]
[WhiteElo "1713"]
[BlackElo "1629"]
[PlyCount "42"]
[EventDate "2016.??.??"]

1. e4 e5 2. Nf3 Nc6 3. Nc3 Nf6 4. Bc4 Be7 5. d4 exd4 6. Nxd4 Ne5 7. Bb3 d6 8.
O-O O-O 9. Re1 c5 10. Nf3 Bg4 11. Bd5 Bxf3 12. gxf3 Qd7 13. f4 Nxd5 14. Nxd5
Nc6 15. f5 Kh8 16. Bf4 Rad8 17. c3 Rfe8 18. Kh1 Bh4 19. Qf3 Ne7 20. Nxe7 Qxe7
21. c4 Bf6 1/2-1/2

[Event "Amager Aabne Klubmesterskab 2016"]
[Site "Sundbyoster"]
[Date "2016.01.19"]
[Round "1"]
[White "Petersen, Steffen"]
[Black "Sorensen, Ole"]
[Result "1/2-1/2"]
[WhiteElo "1705"]
[BlackElo "1613"]
[PlyCount "31"]
[EventDate "2016.??.??"]

1. e4 e6 2. d4 d5 3. exd5 exd5 4. Bf4 Bd6 5. Bxd6 Qxd6 6. c3 Nf6 7. Nf3 O-O 8.
Be2 Bf5 9. O-O h6 10. Nbd2 Nbd7 11. Re1 Rfe8 12. Nf1 c6 13. Ng3 Bh7 14. Qd2 Ne4
15. Qd1 Rac8 16. Bd3 1/2-1/2

[Event "Amager Aabne Klubmesterskab 2016"]
[Site "Sundbyoster"]
[Date "2016.01.19"]
[Round "1"]
[White "Jensen, Jonbert"]
[Black "Hansen, Benny"]
[Result "1-0"]
[WhiteElo "1521"]
[BlackElo "1360"]
[PlyCount "79"]
[EventDate "2016.??.??"]

1. e4 c5 2. Nf3 d6 3. d4 cxd4 4. Nxd4 Nf6 5. Bd3 g6 6. Nc3 a6 7. h3 Nc6 8. Nb3
Bg7 9. f4 e6 10. Be3 Qc7 11. Na4 Nd7 12. Qd2 b5 13. Nc3 O-O 14. O-O Bb7 15.
Rae1 Nb4 16. f5 exf5 17. exf5 Nxd3 18. Qxd3 Nf6 19. Qd2 Ne4 20. Nxe4 Bxe4 21.
f6 Bh8 22. Nd4 Rfe8 23. c3 Qd7 24. Bg5 Re5 25. Re2 Qd8 26. Ref2 Qd7 27. Nf3
Bxf3 28. Rxf3 Rae8 29. Rd1 Re2 30. Qxd6 Qa7+ 31. Qd4 Re1+ 32. Rxe1 Rxe1+ 33.
Kh2 Qxd4 34. cxd4 Kf8 35. Rc3 Re8 36. Rc7 Ra8 37. d5 Rd8 38. d6 Ke8 39. Re7+
Kf8 40. d7 1-0

[Event "Amager Aabne Klubmesterskab 2016"]
[Site "Sundbyoster"]
[Date "2016.01.19"]
[Round "1"]
[White "Mathiesen, Bjarne"]
[Black "Gade, Jens"]
[Result "1-0"]
[WhiteElo "1508"]
[BlackElo "1313"]
[PlyCount "71"]
[EventDate "2016.??.??"]

1. e4 e5 2. Nf3 Nc6 3. Nc3 d6 4. Bc4 Na5 5. Bb3 Nxb3 6. axb3 Bg4 7. h3 Bh5 8.
d3 Nf6 9. Be3 a6 10. g4 Bg6 11. Bg5 h6 12. Bxf6 Qxf6 13. Nd5 Qd8 14. Qd2 c6 15.
Ne3 Be7 16. h4 Bh7 17. c4 Qd7 18. g5 h5 19. Qc3 O-O-O 20. b4 Kb8 21. b5 cxb5
22. cxb5 Qxb5 23. Ra5 Qd7 24. Ke2 Bg6 25. Qb4 Qc6 26. Rd1 Rd7 27. Nd5 Bd8 28.
Ra2 f5 29. Kd2 fxe4 30. dxe4 Rf8 31. Rc1 Qb5 32. Qxb5 axb5 33. Rca1 b6 34. Ra8+
Kb7 35. R1a7+ Kc6 36. Rc8+ 1-0

[Event "Amager Aabne Klubmesterskab 2016"]
[Site "Sundbyoster"]
[Date "2016.01.19"]
[Round "1"]
[White "Pedersen, Ole"]
[Black "Dupont, Michael Kim"]
[Result "1/2-1/2"]
[WhiteElo "1507"]
[BlackElo "1297"]
[PlyCount "48"]
[EventDate "2016.??.??"]

1. e4 Nc6 2. Nf3 d6 3. Bb5 Bd7 4. O-O e6 5. c3 h6 6. Ba4 Nf6 7. d3 Be7 8. Nbd2
O-O 9. Re1 e5 10. Nf1 Qc8 11. Ng3 Kh7 12. Bc2 g6 13. Qd2 Rh8 14. Qxh6+ Kg8 15.
Qd2 Kg7 16. Bd1 Bg4 17. Ng5 Nh5 18. Bxg4 Qxg4 19. h3 Nxg3 20. fxg3 Qxg3 21. Qf2
Qxf2+ 22. Kxf2 Nd8 23. Nf3 Ne6 24. Be3 b6 1/2-1/2

[Event "Amager Aabne Klubmesterskab 2016"]
[Site "Sundbyoster"]
[Date "2016.01.19"]
[Round "1"]
[White "Andersen, Peter"]
[Black "Rasmussen, Erik Elmer"]
[Result "1-0"]
[WhiteElo "1455"]
[BlackElo "1188"]
[PlyCount "107"]
[EventDate "2016.??.??"]

1. d4 f5 2. c4 b6 3. Nc3 Bb7 4. Nf3 e6 5. Bf4 d6 6. e3 Nf6 7. Be2 Be7 8. Qc2
Nh5 9. Bg3 Nxg3 10. hxg3 g6 11. O-O-O Bf6 12. Rh2 Qe7 13. Nh4 Nd7 14. Rdh1
O-O-O 15. f4 d5 16. Nf3 dxc4 17. Bxc4 Kb8 18. Rd1 c6 19. Rhh1 h5 20. Ne5 Nxe5
21. dxe5 Bg7 22. a3 b5 23. Be2 Rc8 24. Rd6 Rhd8 25. Rhd1 Rxd6 26. Rxd6 Bf8 27.
Qd2 Kc7 28. Bf3 Qe8 29. Rd3 Rd8 30. b4 Rxd3 31. Qxd3 Qd7 32. Kc2 Qxd3+ 33. Kxd3
Kb6 34. e4 a5 35. Na2 axb4 36. axb4 c5 37. bxc5+ Bxc5 38. Nc3 Bf2 39. Ne2 Kc5
40. exf5 Ba6 41. fxg6 b4+ 42. Kc2 Kc4 43. g7 b3+ 44. Kb1 Kd3 45. g8=Q Kd2 46.
Qd8+ Bd3+ 47. Kb2 Ke3 48. Bxh5 Bxe2 49. Bxe2 Kxe2 50. Kxb3 Bxg3 51. Qe8 Bxf4
52. Qxe6 Ke3 53. Qf5 Bg3 54. Qf3+ 1-0

[Event "Amager Aabne Klubmesterskab 2016"]
[Site "Sundbyoster"]
[Date "2016.01.19"]
[Round "1"]
[White "Larsen, Ulrik Jejlskov"]
[Black "Brorsen, Kristian"]
[Result "1-0"]
[WhiteElo "1434"]
[BlackElo "1169"]
[PlyCount "45"]
[EventDate "2016.??.??"]

1. d4 d5 2. e3 Nc6 3. Bd3 Nf6 4. Nf3 g6 5. Nbd2 Bg7 6. c3 O-O 7. O-O Re8 8. Ne5
Qd6 9. f4 h5 10. Qc2 Ng4 11. Ndf3 Ncxe5 12. fxe5 Qb6 13. h3 Nh6 14. e4 dxe4 15.
Bxe4 Bf5 16. Nh4 Bxe4 17. Qxe4 Rf8 18. Bg5 f5 19. exf6 exf6 20. Bxh6 Bxh6 21.
Qxg6+ Bg7 22. Nf5 Rf7 23. Nh6+ 1-0

[Event "Amager Aabne Klubmesterskab 2016"]
[Site "Sundbyoster"]
[Date "2016.01.19"]
[Round "1"]
[White "Tronning, Mark Philip"]
[Black "Nielsen, Bjorn"]
[Result "1-0"]
[WhiteElo "1418"]
[BlackElo "1146"]
[PlyCount "55"]
[EventDate "2016.??.??"]

1. e4 e5 2. Nf3 Nc6 3. Bb5 Nge7 4. O-O d6 5. Nc3 Bd7 6. d3 Ng6 7. Nd5 Be7 8.
Nxe7 Qxe7 9. Bg5 f6 10. Be3 O-O-O 11. a4 a6 12. Bxc6 Bxc6 13. b4 Kb8 14. c4 Qe8
15. b5 axb5 16. axb5 Bxb5 17. cxb5 Kc8 18. b6 c6 19. Ra8+ Kd7 20. Ra7 Ke7 21.
Rxb7+ Rd7 22. Ra7 Rxa7 23. bxa7 Qa8 24. Qa4 Rc8 25. Nd2 Nf4 26. Bxf4 exf4 27.
Nc4 Rc7 28. Ra1 1-0

[Event "Amager Aabne Klubmesterskab 2016"]
[Site "Sundbyoster"]
[Date "2016.01.19"]
[Round "1"]
[White "Svensson, John Michael"]
[Black "Lendal, Christian"]
[Result "1-0"]
[WhiteElo "1383"]
[BlackElo "1000"]
[PlyCount "51"]
[EventDate "2016.??.??"]

1. d4 d5 2. Nf3 Nc6 3. g3 b6 4. Bg2 Bb7 5. Nc3 a6 6. Bg5 f6 7. Bf4 e6 8. O-O
Bd6 9. Bxd6 Qxd6 10. Re1 Nge7 11. e4 O-O-O 12. a3 Kb8 13. b4 Na7 14. e5 Qd7 15.
a4 Rdf8 16. Qd3 Nf5 17. Nd2 Nc6 18. Rab1 Ncxd4 19. g4 h5 20. gxf5 Nxf5 21. a5
b5 22. Nce4 fxe5 23. Nc5 Qc8 24. Rxe5 Re8 25. Rbe1 Re7 26. Nxe6 1-0

[Event "Amager Aabne Klubmesterskab 2016"]
[Site "Sundbyoster"]
[Date "2016.01.19"]
[Round "1"]
[White "Kinch, Peder"]
[Black "Krog, Jacob"]
[Result "0-1"]
[WhiteElo "1343"]
[BlackElo "1560"]
[PlyCount "70"]
[EventDate "2016.??.??"]

1. f4 d5 2. Nf3 Nf6 3. e3 Bg4 4. Be2 Nbd7 5. b3 Bxf3 6. Bxf3 e5 7. fxe5 Nxe5 8.
O-O c6 9. Be2 Qc7 10. Bb2 Bd6 11. d4 Ng6 12. h3 Ne4 13. Nd2 Bh2+ 14. Kh1 Ng3+
15. Kxh2 Nxe2+ 16. Kh1 Ng3+ 17. Kg1 Nxf1 18. Qxf1 O-O-O 19. Re1 Rde8 20. Nf3 h6
21. c4 Qd7 22. Nd2 Re6 23. Re2 Rhe8 24. Qf3 Qe7 25. Nf1 Rf6 26. Qg3 Nf4 27. Rf2
Nh5 28. Qh4 Rxf2 29. Qxf2 Nf6 30. c5 Ne4 31. Qe2 Qc7 32. b4 Re6 33. Qf3 Rf6 34.
Qe2 Rf2 35. Qd3 Rxb2 0-1

[Event "Amager Aabne Klubmesterskab 2016"]
[Site "Sundbyoster"]
[Date "2016.01.26"]
[Round "2"]
[White "Nielsen, Angelo"]
[Black "Brorsen, Jacob Abildlund"]
[Result "1/2-1/2"]
[WhiteElo "1641"]
[BlackElo "2034"]
[PlyCount "159"]
[EventDate "2016.??.??"]

1. d4 Nf6 2. Bf4 c5 3. e3 d6 4. Nf3 Bg4 5. Be2 Nc6 6. h3 Bh5 7. O-O Qb6 8. b3
Rd8 9. Nc3 e5 10. Bg5 Be7 11. d5 Nb8 12. Nd2 Bxe2 13. Qxe2 Ng8 14. Nc4 Qa6 15.
Bxe7 Nxe7 16. e4 O-O 17. a4 b6 18. Nb5 f5 19. Nc7 Qc8 20. Ne6 Rf6 21. Nxd8 Qxd8
22. Nd2 Ng6 23. g3 f4 24. Kh2 Qe8 25. Nf3 h6 26. g4 Nf8 27. g5 hxg5 28. Rg1 Nh7
29. Nxg5 f3 30. Qe3 Nf8 31. Nxf3 Ng6 32. Rg3 Nf4 33. Rag1 g6 34. Nh4 Nd7 35.
Nxg6 Nxg6 36. Qh6 Ndf8 37. Rg5 Qf7 38. f4 exf4 39. Rh5 Qg7 40. Qg5 Nd7 41. Qg4
Nde5 42. Qc8+ Qf8 43. Qxf8+ Kxf8 44. Rf1 f3 45. Kg3 Kg7 46. Rf5 Rxf5 47. exf5
Ne7 48. Kf4 Nxd5+ 49. Kg5 Ne3 50. Rf2 Nd1 51. Rf1 Nc3 52. h4 Ne4+ 53. Kf4 Nf6
54. Kg5 Kf7 55. h5 Ne4+ 56. Kf4 Nd2 57. Rf2 Nb1 58. h6 Nc3 59. Rd2 Kg8 60. f6
Ne2+ 61. Ke3 Nd4 62. Kf4 Kh7 63. Kg5 Nf7+ 64. Kh5 Nxh6 65. Rf2 Nf7 66. c3 Nxb3
67. Rxf3 Kg8 68. Rg3+ Kf8 69. Rg7 Na5 70. Kg6 Ne5+ 71. Kf5 Nac6 72. Ke6 Nd8+
73. Kxd6 Ndf7+ 74. Kc7 c4 75. Kb7 Nd7 76. Kxa7 Nc5 77. Kxb6 Nxa4+ 78. Kb5 Nxc3+
79. Kxc4 Ne4 80. Rxf7+ 1/2-1/2

[Event "Amager Aabne Klubmesterskab 2016"]
[Site "Sundbyoster"]
[Date "2016.01.26"]
[Round "2"]
[White "Jensen, Jonbert"]
[Black "Petersen, Nils"]
[Result "0-1"]
[WhiteElo "1521"]
[BlackElo "1942"]
[PlyCount "40"]
[EventDate "2016.??.??"]

1. e4 c5 2. Nf3 e6 3. d4 cxd4 4. Nxd4 Nc6 5. Nxc6 bxc6 6. a3 d5 7. exd5 cxd5 8.
Bb5+ Bd7 9. Bxd7+ Qxd7 10. O-O Nf6 11. Qd4 Rc8 12. Qd3 Bd6 13. Nc3 O-O 14. Nb5
Bb8 15. f3 a6 16. Nc3 Qb7 17. Na4 Qc7 18. f4 Qxc2 19. Qxc2 Rxc2 20. Rf2 Ba7 0-1

[Event "Amager Aabne Klubmesterskab 2016"]
[Site "Sundbyoster"]
[Date "2016.01.26"]
[Round "2"]
[White "Mathiesen, Bjarne"]
[Black "Nielsen, John Holm"]
[Result "0-1"]
[WhiteElo "1508"]
[BlackElo "1937"]
[PlyCount "62"]
[EventDate "2016.??.??"]

1. e4 e5 2. Nf3 Nc6 3. Bc4 Bc5 4. c3 Nf6 5. d4 exd4 6. cxd4 Bb4+ 7. Bd2 O-O 8.
Bxb4 Nxb4 9. Qb3 d5 10. e5 Nc6 11. Bb5 Ne4 12. Bxc6 bxc6 13. Nbd2 c5 14. O-O
Nxd2 15. Nxd2 cxd4 16. f4 Bf5 17. Rac1 Rb8 18. Qa3 Qd7 19. b3 Rfc8 20. Qc5 d3
21. Rf3 c6 22. Rg3 Rb5 23. Qd4 c5 24. Qe3 g6 25. a4 Ra5 26. h4 Qe6 27. Qe1 Ra6
28. h5 c4 29. bxc4 dxc4 30. Rc3 Rxa4 31. h6 Qb6+ 0-1

[Event "Amager Aabne Klubmesterskab 2016"]
[Site "Sundbyoster"]
[Date "2016.01.26"]
[Round "2"]
[White "Andersen, Peter"]
[Black "Frank Nielsen, Marie"]
[Result "0-1"]
[WhiteElo "1455"]
[BlackElo "1921"]
[PlyCount "66"]
[EventDate "2016.??.??"]

1. d4 Nf6 2. Nf3 g6 3. Bf4 Bg7 4. c3 O-O 5. Nbd2 d6 6. e4 Nbd7 7. Bd3 h6 8. h3
Nh5 9. Bh2 e5 10. dxe5 dxe5 11. Qe2 Qe7 12. O-O-O a5 13. a4 Nc5 14. Bc2 Nf4 15.
Bxf4 exf4 16. Nd4 Bd7 17. Qc4 c6 18. f3 Rfb8 19. N2b3 Nxb3+ 20. Bxb3 Be8 21.
Rd2 Rc8 22. Rhd1 b5 23. Qe2 Rab8 24. axb5 cxb5 25. Bd5 a4 26. Rc2 a3 27. bxa3
Qxa3+ 28. Kd2 b4 29. Qd3 bxc3+ 30. Rxc3 Rb2+ 31. Rc2 Qb4+ 32. Ke2 Bxd4 33. Rxb2
Bxb2 0-1

[Event "Amager Aabne Klubmesterskab 2016"]
[Site "Sundbyoster"]
[Date "2016.01.26"]
[Round "2"]
[White "Raad, Mads Bonde"]
[Black "Tronning, Mark Philip"]
[Result "1/2-1/2"]
[WhiteElo "1694"]
[BlackElo "1418"]
[PlyCount "85"]
[EventDate "2016.??.??"]

1. e4 d5 2. exd5 Qxd5 3. Nc3 Qa5 4. d4 Nf6 5. Bd2 c6 6. Nf3 Bg4 7. h3 Bh5 8.
Be2 e6 9. O-O Qd8 10. Bf4 Bd6 11. Bg5 Be7 12. Ne5 Bxe2 13. Nxe2 O-O 14. c4 Nbd7
15. Qc2 Nxe5 16. dxe5 Nd7 17. Bxe7 Qxe7 18. f4 Qc5+ 19. Kh1 Nb6 20. Rac1 Rad8
21. Rfd1 Qe7 22. Qc3 Rd7 23. Rxd7 Qxd7 24. c5 Nd5 25. Qf3 Rd8 26. Ng3 f5 27.
exf6 Nxf6 28. Ne4 Nxe4 29. Qxe4 Qd5 30. Re1 Qxe4 31. Rxe4 Kf7 32. Rb4 Rd7 33.
Kg1 Kf6 34. Kf2 e5 35. Ke3 exf4+ 36. Rxf4+ Ke7 37. Rd4 Rxd4 38. Kxd4 Ke6 39. b4
a6 40. g4 g5 41. a4 h6 42. Ke4 Kf6 43. Kd4 1/2-1/2

[Event "Amager Aabne Klubmesterskab 2016"]
[Site "Sundbyoster"]
[Date "2016.01.26"]
[Round "2"]
[White "Svensson, John Michael"]
[Black "Haugaard, Thomas"]
[Result "1-0"]
[WhiteElo "1383"]
[BlackElo "1579"]
[PlyCount "59"]
[EventDate "2016.??.??"]

1. d4 d5 2. Nf3 e6 3. Bg5 Be7 4. Bf4 Nf6 5. g3 Nbd7 6. Bg2 c5 7. c3 cxd4 8.
cxd4 Qb6 9. Qc2 Bb4+ 10. Nbd2 Ne4 11. O-O Nxd2 12. Bxd2 Bxd2 13. Qxd2 Nf6 14.
b3 Bd7 15. Rac1 O-O 16. Ne5 Rfc8 17. g4 Qd6 18. Qf4 Qe7 19. Bf3 Ne8 20. g5 Rxc1
21. Rxc1 Rc8 22. Rxc8 Bxc8 23. e4 f6 24. gxf6 Nxf6 25. Qh4 Qf8 26. exd5 exd5
27. Qf4 Qe7 28. Qg5 Qe6 29. Qc1 Qe7 30. Qxc8+ 1-0

[Event "Amager Aabne Klubmesterskab 2016"]
[Site "Sundbyoster"]
[Date "2016.01.26"]
[Round "2"]
[White "Pedersen, Ole"]
[Black "Tolba, Henri"]
[Result "1-0"]
[WhiteElo "1507"]
[BlackElo "1713"]
[PlyCount "65"]
[EventDate "2016.??.??"]

1. e4 c5 2. d3 Nc6 3. f4 g6 4. Nf3 d6 5. g3 Bg7 6. Bg2 e5 7. O-O exf4 8. gxf4
Bg4 9. c3 Qd7 10. Be3 Nge7 11. Qd2 a5 12. d4 Bxf3 13. Rxf3 cxd4 14. cxd4 d5 15.
e5 Nf5 16. Bf2 O-O 17. Nc3 Rfd8 18. Rc1 Bf8 19. Bh3 Bb4 20. a3 Bxc3 21. Rfxc3
Rdc8 22. Qd3 Nce7 23. Bh4 Rxc3 24. Rxc3 Qa4 25. Bxe7 Nxe7 26. Rc5 Ra6 27. Rb5
Rc6 28. Rxb7 Rc1+ 29. Kf2 Nf5 30. Bxf5 gxf5 31. Rb8+ Kg7 32. Qg3+ Kh6 33. Qg5#
1-0

[Event "Amager Aabne Klubmesterskab 2016"]
[Site "Sundbyoster"]
[Date "2016.01.26"]
[Round "2"]
[White "Kibenich, Mikael"]
[Black "Petersen, Steffen"]
[Result "0-1"]
[WhiteElo "1371"]
[BlackElo "1705"]
[PlyCount "110"]
[EventDate "2016.??.??"]

1. d4 Nf6 2. c4 e5 3. dxe5 Ng4 4. Nf3 d6 5. Bf4 Nc6 6. e3 dxe5 7. Qxd8+ Kxd8 8.
Bg3 Bb4+ 9. Nc3 Bxc3+ 10. bxc3 f6 11. Bd3 Be6 12. Rd1 Ke7 13. O-O Na5 14. c5 b6
15. h3 Nh6 16. Nxe5 fxe5 17. Bxe5 Nf7 18. Bxc7 Rhc8 19. cxb6 axb6 20. Bxb6 Rxc3
21. Bd4 Rxd3 22. Rxd3 Bc4 23. Ra3 Bxf1 24. Kxf1 Nd6 25. Bxg7 Ndc4 26. Ra4 Rb8
27. Bc3 Rb5 28. Bxa5 Nxa5 29. Rh4 h5 30. a4 Rc5 31. Rb4 Nc6 32. Rb5 Rc1+ 33.
Ke2 h4 34. Rh5 Rc4 35. a5 Ra4 36. a6 Kd6 37. Rh6+ Kc5 38. Rxc6+ Kxc6 39. Kf3
Rxa6 40. g4 hxg3 41. fxg3 Kd6 42. Kf4 Ke6 43. g4 Kf6 44. h4 Kg6 45. e4 Rf6+ 46.
Kg3 Rf1 47. Kg2 Rf4 48. Kg3 Rxe4 49. Kf3 Re1 50. Kg2 Kf6 51. Kg3 Ke5 52. Kf3
Rh1 53. h5 Kf6 54. Kg2 Rh4 55. Kg3 Kg5 0-1

[Event "Amager Aabne Klubmesterskab 2016"]
[Site "Sundbyoster"]
[Date "2016.01.26"]
[Round "2"]
[White "Dupont, Michael Kim"]
[Black "Sorensen, Ole"]
[Result "1-0"]
[WhiteElo "1297"]
[BlackElo "1613"]
[PlyCount "51"]
[EventDate "2016.??.??"]

1. e4 e6 2. d3 d5 3. Nd2 c5 4. Ngf3 Nc6 5. g3 Nf6 6. Bg2 g6 7. O-O Bg7 8. Re1
O-O 9. c3 b6 10. Nf1 Bb7 11. Bf4 Rc8 12. e5 Nd7 13. h4 f6 14. exf6 Qxf6 15. Bh3
e5 16. Bxd7 exf4 17. Bxc8 Bxc8 18. Qb3 fxg3 19. Qxd5+ Kh8 20. fxg3 Bg4 21. Ng5
Ne5 22. Nh2 Qf2+ 23. Kh1 Qxg3 24. Rf1 Rxf1+ 25. Rxf1 Bd7 26. Qa8+ 1-0

[Event "Amager Aabne Klubmesterskab 2016"]
[Site "Sundbyoster"]
[Date "2016.01.26"]
[Round "2"]
[White "Hansen, Benny"]
[Black "Skovgaard, Ib"]
[Result "0-1"]
[WhiteElo "1360"]
[BlackElo "2003"]
[PlyCount "36"]
[EventDate "2016.??.??"]

1. d4 d5 2. c4 c6 3. Nc3 Nf6 4. Nf3 e6 5. Bg5 dxc4 6. e4 b5 7. e5 h6 8. Bxf6
gxf6 9. exf6 Bb7 10. a3 Nd7 11. Ne4 Nxf6 12. Nxf6+ Qxf6 13. Be2 Rg8 14. O-O Bd6
15. Ne5 O-O-O 16. Qc2 c5 17. Bf3 Bxf3 18. Nxf3 Qxf3 0-1

[Event "Amager Aabne Klubmesterskab 2016"]
[Site "Sundbyoster"]
[Date "2016.01.26"]
[Round "2"]
[White "Gade, Jens"]
[Black "Nielsen, Jens Holm"]
[Result "0-1"]
[WhiteElo "1313"]
[BlackElo "1792"]
[PlyCount "82"]
[EventDate "2016.??.??"]

1. e4 d5 2. e5 c5 3. Nf3 Bg4 4. Be2 Nc6 5. d4 Bxf3 6. Bxf3 Nxd4 7. c3 Nxf3+ 8.
Qxf3 e6 9. O-O Ne7 10. Bg5 Qc7 11. Qe2 h6 12. Qb5+ Qc6 13. Qxc6+ Nxc6 14. Bf4
Be7 15. Na3 a6 16. Nc2 b5 17. a3 O-O 18. Bg3 Rfd8 19. Rad1 a5 20. f4 b4 21.
cxb4 axb4 22. f5 b3 23. Ne1 exf5 24. Rxf5 Nd4 25. Rf1 Ne2+ 26. Kf2 Nxg3 27.
Kxg3 f6 28. exf6 Bxf6 29. Rf2 c4 30. Nf3 d4 31. Nd2 Rac8 32. Rc1 Bg5 33. h4
Bxd2 34. Rxd2 d3 35. Kf2 Rd4 36. g3 Re8 37. Rcd1 Rde4 38. Kf1 Re2 39. a4 Rf8+
40. Kg1 Rff2 41. Rxe2 Rxe2 0-1